<?xml version="1.0" encoding="UTF-8"?>
<record
    xmlns:xsi="http://www.w3.org/2001/XMLSchema-instance"
    xsi:schemaLocation="http://www.loc.gov/MARC21/slim http://www.loc.gov/standards/marcxml/schema/MARC21slim.xsd"
    xmlns="http://www.loc.gov/MARC21/slim">

  <leader>013390000a22002890004500</leader>
  <controlfield tag="003">EG-GiCUC</controlfield>
  <controlfield tag="005">20250223025804.0</controlfield>
  <controlfield tag="008">090404s1995    ua o   f m    000 0 eng d</controlfield>
  <datafield tag="040" ind1=" " ind2=" ">
    <subfield code="a">EG-GiCUC</subfield>
    <subfield code="b">eng</subfield>
    <subfield code="c">EG-GiCUC</subfield>
  </datafield>
  <datafield tag="041" ind1="0" ind2=" ">
    <subfield code="a">Eng</subfield>
  </datafield>
  <datafield tag="049" ind1=" " ind2=" ">
    <subfield code="a">Deposite</subfield>
  </datafield>
  <datafield tag="097" ind1=" " ind2=" ">
    <subfield code="a">M.Sc</subfield>
  </datafield>
  <datafield tag="099" ind1=" " ind2=" ">
    <subfield code="a">Cai01.09.09.M.Sc.1995.Am.B</subfield>
  </datafield>
  <datafield tag="100" ind1="0" ind2=" ">
    <subfield code="a">Amr Elhagry Mahmoud</subfield>
  </datafield>
  <datafield tag="245" ind1="1" ind2="0">
    <subfield code="a">Bacterial leakage beneath cast nickel chromium full veneer crowns using different core materials and luting agents / </subfield>
    <subfield code="c">Amr Elhagry Mahmoud ; Supervised Ashraf Hussein Sherif , Badawy Abouelmahsen Badawy , Magda Salah Eldin Gabr</subfield>
  </datafield>
  <datafield tag="246" ind1="1" ind2="5">
    <subfield code="a">&#x627;&#x644;&#x62A;&#x633;&#x631;&#x628; &#x627;&#x644;&#x628;&#x643;&#x62A;&#x64A;&#x631;&#x649; &#x62A;&#x62D;&#x62A; &#x627;&#x644;&#x62A;&#x64A;&#x62C;&#x627;&#x646; &#x627;&#x644;&#x646;&#x64A;&#x643;&#x644; &#x643;&#x631;&#x648;&#x645; &#x627;&#x644;&#x643;&#x627;&#x645;&#x644;&#x629; &#x627;&#x644;&#x645;&#x635;&#x628;&#x648;&#x628;&#x629; &#x628;&#x625;&#x633;&#x62A;&#x62E;&#x62F;&#x627;&#x645; &#x623;&#x646;&#x648;&#x627;&#x639; &#x645;&#x62E;&#x62A;&#x644;&#x641;&#x629; &#x645;&#x646; &#x627;&#x644;&#x642;&#x644;&#x648;&#x628; &#x648;&#x627;&#x644;&#x645;&#x648;&#x627;&#x62F; &#x627;&#x644;&#x623;&#x633;&#x645;&#x646;&#x62A;&#x64A;&#x629; &#x627;&#x644;&#x644;&#x627;&#x635;&#x642;&#x629;</subfield>
  </datafield>
  <datafield tag="260" ind1=" " ind2=" ">
    <subfield code="a">Cairo : </subfield>
    <subfield code="b">Amr Elhagry Mahmoud , </subfield>
    <subfield code="c">1995</subfield>
  </datafield>
  <datafield tag="300" ind1=" " ind2=" ">
    <subfield code="a">127Leaves : </subfield>
    <subfield code="b">photographs ; </subfield>
    <subfield code="c">30cm</subfield>
  </datafield>
  <datafield tag="502" ind1=" " ind2=" ">
    <subfield code="a">Thesis(M.Sc.) - Cairo University - Faculty of Oral and Dental Medicine - Department of Prosthodontics</subfield>
  </datafield>
  <datafield tag="700" ind1="0" ind2=" ">
    <subfield code="a">Ashraf Hussein Sherif , </subfield>
    <subfield code="e">Supervisor</subfield>
  </datafield>
  <datafield tag="700" ind1="0" ind2=" ">
    <subfield code="a">Badawy Abouelmahsen Badawy , </subfield>
    <subfield code="e">Supervisor</subfield>
  </datafield>
  <datafield tag="700" ind1="0" ind2=" ">
    <subfield code="a">Magda Salah Eldin Gabr , </subfield>
    <subfield code="e">Supervisor</subfield>
  </datafield>
  <datafield tag="856" ind1=" " ind2=" ">
    <subfield code="u">http://172.23.153.220/th.pdf</subfield>
  </datafield>
  <datafield tag="905" ind1=" " ind2=" ">
    <subfield code="a">Fatma</subfield>
    <subfield code="e">Cataloger</subfield>
  </datafield>
  <datafield tag="905" ind1=" " ind2=" ">
    <subfield code="a">Nazla</subfield>
    <subfield code="e">Revisor</subfield>
  </datafield>
  <datafield tag="942" ind1=" " ind2=" ">
    <subfield code="2">ddc</subfield>
    <subfield code="c">TH</subfield>
  </datafield>
  <datafield tag="999" ind1=" " ind2=" ">
    <subfield code="c">20670</subfield>
    <subfield code="d">20670</subfield>
  </datafield>
  <datafield tag="952" ind1=" " ind2=" ">
    <subfield code="2">ddc</subfield>
    <subfield code="7">0</subfield>
    <subfield code="a">CUCL</subfield>
    <subfield code="b">cl210</subfield>
    <subfield code="d">2024-02-11</subfield>
    <subfield code="o">Cai01.09.09.M.Sc.1995.Am.B</subfield>
    <subfield code="p">01010110030071000</subfield>
    <subfield code="r">2023-09-22 00:00:00</subfield>
    <subfield code="y">TH</subfield>
  </datafield>
</record>
